00650nam a2200193Ia 450000500170000000800410001704000190005804100120007708200190008924501320010826000280024030000120026850400500028063000330033065000400036365100190040370000240042285000100044620221115141225.0131103s9999 xx 000 0 und d aLoreto College aEnglish a821.7bCOL-COB aInquiring spiritb a new presentation of Coleridge from his published and unpublished prose writing cedited by Kathleen Coburn aLondonbRoutledgec1951 a454 p.  aIncludes bibliographical references and index aColeridge Samuel T. - Poems  aColeridge,Samuel Taylor,1772 - 1834 aEnglish Poetry aCoburn,Kathleen,ed. aLCLIB